00275nam a2200109Ia 4500008004100000082001400041100002100055245001800076260003900094630001800133650001400151211109s9999||||xx |||||||||||||| ||und|| aasbVAR-T aVarkey, Muttathu 0aThyaga Bhoomi bDedepika Book HouseaBn 3048c1978 xgeneral stack vGeneralia